Streamlining the usage of ICT
Cloud computing: charakteristika a vlastnosti, výhody a bariéry využitia. Modely servisného zabezpečenia.
Saved in:
| Main Author: | |
|---|---|
| Format: | Book Chapter |
| Language: | English |
| Subjects: | |
| Tags: |
No Tags, Be the first to tag this record!
|
MARC
| LEADER | 00000naa$a2200000$$$4500 | ||
|---|---|---|---|
| 001 | 0198316 | ||
| 005 | 20240502083504.2 | ||
| 041 | 0 | |a eng | |
| 044 | |a CZ | ||
| 245 | 1 | 0 | |a Streamlining the usage of ICT |c Magdaléna Cárachová |
| 520 | |a Cloud computing: charakteristika a vlastnosti, výhody a bariéry využitia. Modely servisného zabezpečenia. | ||
| 610 | 2 | 0 | |a produkty softvérové |
| 610 | 2 | 0 | |a infraštruktúra informačná |
| 610 | 2 | 0 | |a služby informačné |
| 610 | 2 | 0 | |a služby elektronické |
| 610 | 2 | 0 | |a flexibilita |
| 610 | 2 | 0 | |a pružnosť |
| 610 | 2 | 0 | |a riadenie vzťahov so zákazníkmi |
| 100 | 1 | |a Cárachová, Magdaléna | |